Broadway Musical U.S. Geography Quiz Stats

 Plays Quiz not verified by Sporcle

Challenge
Share
Tweet
Embed
Score 0/15 Timer 05:00
0 Plays Today
State Musical % Correct
New YorkWest Side Story
92.4%
IllinoisChicago
91.7%
MarylandHairspray
88.9%
New JerseyJersey Boys
88.4%
Pennsylvania1776
79.5%
IowaThe Music Man
68.2%
CaliforniaSunset Boulevard
59.8%
OhioBye Bye Birdie
55.1%
State Musical % Correct
MissouriBig River
54.3%
TexasThe Best Little Whorehouse In Texas
47.5%
GeorgiaThe Color Purple
40.4%
District of Columbia*Damn Yankees
35.6%
TennesseeMemphis
30.6%
NevadaCrazy For You
17.4%
LouisianaCaroline, Or Change
8.8%

You're not logged in!

Compare scores with friends on all Sporcle quizzes.
Join for Free
OR
Log In

You Might Also Like...

Show Comments

Extras

Top Quizzes Today


Score Distribution

Your Account Isn't Verified!

In order to create a playlist on Sporcle, you need to verify the email address you used during registration. Go to your Sporcle Settings to finish the process.

Report this User

Report this user for behavior that violates our Community Guidelines.

Details: